000 00667nmc a2200265 a 4500
003 AR-BaBNM
005 20251128202845.0
008 047019s1987 ||||||||||||||000 | spa||
020 _a84-348-1727-6
040 _cAR-BaBNM
100 1 _aCarpelan, Bo
245 1 0 _aViento salvaje de verano
250 _a3ª ed.
260 _aMadrid
_bEdiciones S.M.
_c1987
300 _a152 p.
_bil.
490 0 _aEl barco de vapor
_vv. 92
500 _aRecomendado a partir de 12 años
650 4 _aLITERATURA INFANTIL
650 4 _aLIBROS PARA NINOS
650 4 _aHISTORIAS DE AMOR
650 4 _aSENTIMIENTOS
655 _aLITERATURA
942 _cBK
998 _claura
999 _c913
_d913